000 01196nam a22002777a 4500
001 9329
003 FISKH
005 20251211090527.0
008 251211b cb ||||| |||| 00| 0 eng d
020 _a0439380545
040 _aFISKH
_beng
_cFISKH
_dFISKH
050 _aQE861 .B36
082 _a567.9
100 _aBarner, Bob
_eAuthor
245 _aDinosaur bones /
_cBob Barner
260 _aNew York :
_bScholastic Inc. ,
_c2001
300 _a28 unnumbered pages :
_bcolor illustrations ;
_c23 x 24 cm
505 _aN
520 _aJuvenile Nonfiction. Science. Picture Book Nonfiction. HTML:With a lively rhyming text and vibrant paper collage illustrations, author-artist Bob Barner shakes the dust off the dinosaur bones found in museums and reminds us that they once belonged to living, breathing creatures. Filled with fun dinosaur facts (a T. Rex skull can weigh up to 750 pounds!) and an informational Dinometer, Dinosaur Bones is sure to make young dinosaur enthusiasts roar with delight.
521 8 _a600
_bLexile AD
521 8 _aN
_bRaz-Plus
650 _aFactual books
_vNature science
650 _aFossils
_vInformational
942 _2ddc
_cBK
_n0
999 _c9329
_d9329